| 000 | 01565nam0a22003371 4500 | ||
|---|---|---|---|
| 001 | v19\rc\1594306 | ||
| 005 | 20260407071535.0 | ||
| 035 | _a(NLR Aleph) 004718072 | ||
| 090 |
_a4293585 _c4293585 |
||
| 100 | _a20061002d1900 |||y0rusy50 ca | ||
| 101 | 0 | _arus | |
| 102 | _aRU | ||
| 105 | _ay z ||||| | ||
| 200 | 1 |
_aПоложение о нотариальной части, разъясненное и дополненное законодательными мотивами, позднейшими узаконениями, циркулярами, решениями Правит. сената и образцами актов и засвидетельствований _e[... С приведением всех позднейших узаконений, обнародованных до конца 1899 г.] _fСост. Н. Мартынов |
|
| 205 | _a4-е изд., испр. и доп. | ||
| 210 |
_aСанкт-Петербург _cГос. тип. _d1900 |
||
| 215 |
_aXX, 568 с. _d21 |
||
| 300 | _aИзд. офиц. | ||
| 700 | 1 |
_aМартынов _bН.К. _gНиколай Кириллович _4220 |
|
| 702 | 1 |
_4570 _7ca _8rus _aАнисимов _bА. Н. _cнотариус _f1848-1909 _gАлександр Николаевич _3RU\NLR\AUTH\770280096 _92652063 |
|
| 801 | 0 |
_aRU _bNLR _gpsbo |
|
| 801 | 0 |
_aRU _bRuMoRGB _2psbo |
|
| 801 | 1 |
_aRU _bProSoft-M _2rusmarc |
|
| 852 |
_aNLR _j20.64.4.31 |
||
| 899 |
_aRuMoRGB _jA 259/231 |
||
| 899 | _aБАН | ||
| 899 | _aНБ СПбГУ | ||
| 899 | _aНБ МГУ | ||
| 942 | _cBOOK | ||
| 980 | _aNB | ||